Biblioteca

Cómo hacer una tesis : y elaborar toda clase de trabajos escritos / Carlos A. Sabino (Registro nro. 43121)

Detalles MARC
000 -LÍDER
Campo fijo de descripción fija 009470000a22001930004500
020 ## - NÚMERO INTERNACIONAL NORMALIZADO PARA LIBROS
Número Internacional Normalizado del libro 958-30-0268-2
041 0# - CÓDIGO DE IDIOMA
Código de idioma para texto/pista de sonido o título separado
082 04 - NÚMERO DE CLASIFICACIÓN DECIMAL DEWEY
Número de clasificación G 001 S116c
001 - NÚMERO DE CONTROL
Campo de control 14224
100 1# - ASIENTO PRINCIPAL--NOMBRE PERSONAL
Nombre personal Sabino, Carlos A.
245 10 - TÍTULO
Título del Material Cómo hacer una tesis : y elaborar toda clase de trabajos escritos / Carlos A. Sabino
260 ## - PUBLICACIÓN, DISTRIBUCIÓN, ETC. (PIE DE IMPRENTA)
Lugar de publicación, distribución, etc. Santafé de Bogotá : Panamericana
300 ## - DESCRIPCIÓN FÍSICA
Extensión 296 Pág.
336 ## - CONTENT TYPE
Content type term texto
Content type code txt
Source rdacontent
337 ## - MEDIA TYPE
Source rdamedia
Media type term sin mediación
Media type code n
338 ## - CARRIER TYPE
Source rdacarrier
Carrier type term volumen
Carrier type code nc
505 00 - NOTA DE CONTENIDO
Nota de contenido con formato preestablecido I Parte: Los trabajos científicos -- Diferentes tipos de trabajos científicos -- La estructura de los trabajos científicos -- Presentación y aparato crítico\ II Parte: El proceso de elaboración y redacción -- La elección del tema -- Proyectando la investigación -- De la investigación a la redacción -- La construcción del manuscrito -- La revisión y presentación final -- La tesis como fin y como principio.
942 ## - TIPO DE MATERIAL (KOHA)
Tipo de Item KOHA Libros General
Existencias
Estado de Material Estado de Perdido Estado de Dañado No para Préstamo Colección Tomo Biblioteca de Origen Biblioteca Permanente Fecha de Adquisición Total de Préstamos Signatura Topográfica Código de Barras Última vez visto Ejemplar/Existencia Fecha de Remplazo Tipo de Material
        Colección General   Biblioteca FUSBC Biblioteca FUSBC 15/03/2007   G 001 S116c 11847 12/12/2019 1 26/01/2016 Libros General

Biblioteca FUSBC | Teléfono: (57+4) 349 88 10 Ext. 141| WhatsApp (+57) 3005338115 
E-mail: biblioteca@unisbc.edu.co | Calle 76 87-14 Robledo Palenque, Medellín, Colombia

Con tecnología Koha